Wind Energy:Renewable Energy and The Environment / (Record no. 33014)

000 -LEADER
fixed length control field 01970cam a2200493Ka 4500
001 - CONTROL NUMBER
control field 7781440
003 - CONTROL NUMBER IDENTIFIER
control field OSt
005 - DATE AND TIME OF LATEST TRANSACTION
control field 20210909150751.0
006 - FIXED-LENGTH DATA ELEMENTS--ADDITIONAL MATERIAL CHARACTERISTICS
fixed length control field m d f
007 - PHYSICAL DESCRIPTION FIXED FIELD--GENERAL INFORMATION
fixed length control field cr mn|||||||||
008 - FIXED-LENGTH DATA ELEMENTS--GENERAL INFORMATION
fixed length control field 080603s2008 coua st f000 0 eng d
020 ## - INTERNATIONAL STANDARD BOOK NUMBER
International Standard Book Number 9781420075687
035 ## - SYSTEM CONTROL NUMBER
System control number (GPO)99276767
035 ## - SYSTEM CONTROL NUMBER
System control number (OCoLC)ocn230456320
038 ## - RECORD CONTENT LICENSOR
Staff Name khadija
040 ## - CATALOGING SOURCE
Original cataloging agency SOE
Transcribing agency SOE
Modifying agency SOE
-- GPO
-- MvI
049 ## - LOCAL HOLDINGS (OCLC)
Holding library ZCUZ
074 ## - GPO ITEM NUMBER
GPO item number 0430-Q (online)
082 ## - DEWEY DECIMAL CLASSIFICATION NUMBER
Classification number 333.92
Author Mark NEL
086 0# - GOVERNMENT DOCUMENT CLASSIFICATION NUMBER
Classification number E 10.2:W 72/2/EXEC.SUM.
088 ## - REPORT NUMBER
Report number DOE/GO-102008-2578
099 ## - LOCAL FREE-TEXT CALL NUMBER (OCLC)
Classification number US Government Documents
100 ## - MAIN ENTRY--PERSONAL NAME
Personal name Nelson, Vaughn
9 (RLIN) 3445
245 00 - TITLE STATEMENT
Title Wind Energy:Renewable Energy and The Environment /
246 3# - VARYING FORM OF TITLE
Title proper/short title Wind Energy:RENEWABLE ENERGY AND THE ENVIRONMENT
260 ## - PUBLICATION, DISTRIBUTION, ETC.
Place of publication, distribution, etc. [Washington, D.C.] :
Name of publisher, distributor, etc. U.S. Dept. of Energy, Energy Efficiency and Renewable Energy,
Date of publication, distribution, etc. [2009]
300 ## - PHYSICAL DESCRIPTION
Extent 23 p. :
Other physical details digital, PDF file.
500 ## - GENERAL NOTE
General note Title from title screen (viewed on June 3, 2008).
500 ## - GENERAL NOTE
General note "December 2008."
500 ## - GENERAL NOTE
General note "DOE/GO-102008-2578."
538 ## - SYSTEM DETAILS NOTE
System details note Mode of access: Internet from the NREL web site. Address as of 7/23/09: http://www.nrel.gov/docs/fy09osti/42864.pdf ; current access available via PURL.
563 ## - BINDING INFORMATION
Binding note hardcover
650 #0 - SUBJECT ADDED ENTRY--TOPICAL TERM
Topical term or geographic name entry element Wind power.
9 (RLIN) 3446
650 #0 - SUBJECT ADDED ENTRY--TOPICAL TERM
Topical term or geographic name entry element Wind power
General subdivision Environmental aspects
Geographic subdivision United States.
9 (RLIN) 82353
650 #0 - SUBJECT ADDED ENTRY--TOPICAL TERM
Topical term or geographic name entry element Wind power
General subdivision Economic aspects
Geographic subdivision United States.
9 (RLIN) 82354
650 #0 - SUBJECT ADDED ENTRY--TOPICAL TERM
Topical term or geographic name entry element Wind turbines
General subdivision Technological innovations
Geographic subdivision United States.
9 (RLIN) 82355
650 #0 - SUBJECT ADDED ENTRY--TOPICAL TERM
Topical term or geographic name entry element Wind energy conversion systems
Geographic subdivision United States.
9 (RLIN) 82356
650 #0 - SUBJECT ADDED ENTRY--TOPICAL TERM
Topical term or geographic name entry element Electric power consumption
Geographic subdivision United States.
9 (RLIN) 82357
650 #0 - SUBJECT ADDED ENTRY--TOPICAL TERM
Topical term or geographic name entry element Renewable energy sources
General subdivision Government policy
Geographic subdivision United States.
9 (RLIN) 82358
650 #0 - SUBJECT ADDED ENTRY--TOPICAL TERM
Topical term or geographic name entry element Energy policy
Geographic subdivision United States.
9 (RLIN) 82359
710 1# - ADDED ENTRY--CORPORATE NAME
Corporate name or jurisdiction name as entry element United States.
Subordinate unit Dept. of Energy.
-- Office of Energy Efficiency and Renewable Energy.
9 (RLIN) 82360
856 40 - ELECTRONIC LOCATION AND ACCESS
Uniform Resource Identifier <a href="http://www.columbia.edu/cgi-bin/cul/resolve?clio7781440">http://www.columbia.edu/cgi-bin/cul/resolve?clio7781440</a>
942 ## - ADDED ENTRY ELEMENTS (KOHA)
Source of classification or shelving scheme
Koha item type Book
Holdings
Withdrawn status Lost status Source of classification or shelving scheme Damaged status Not for loan Permanent Location Current Location Shelving location Date acquired Full call number Barcode Date last seen Price effective from Koha item type Public note
          School of Mechanical & Manufacturing Engineering (SMME) School of Mechanical & Manufacturing Engineering (SMME) General Stacks 12/17/2015 333.92 NEL SMME-2036 04/03/2018 12/17/2015 Book Rack,49-Shelf,3
© 2023 Central Library, National University of Sciences and Technology. All Rights Reserved.